000 004100000a22001690004500
003 MACL
005 20160105115546.0
008 160105b xxu||||| |||| 00| 0 eng d
040 _aMACL
_cMACL
041 _aEnglish
082 _a823
100 _aDrummond, Hamilton
_927769
245 _aOn Behalf of The Firm
260 _bWard Lock & Co Ltd
_c1903
_aLondon
650 _aNovel
_9153
942 _cBK
_k823
_2ddc
999 _c36718
_d36718